000 nam a22 7a 4500
999 _c29347
_d29347
008 171201b xxu||||| |||| 00| 0 eng d
020 _a9780415829656
050 _aG 155.A1 .F46 2015
100 _aFennel, David A.
245 _aEcotourism /
_cDavid, Fennel A.
250 _a4th ed.
260 _aUSA:
_bRoutledge,
_c2015.
300 _axix, 355. :ill.
_bincludes bibliographical ferences and index.
_c24cm
650 _aEcotourism
942 _2lcc
_cBOOKS
_hG 155.A1 .F46 2015